NHL Arenas - Statistics

General Stats
  • This quiz has been taken 83 times
  • The average score is 18 of 32
Answer Stats
Hint Answer % Correct
Boston Bruins TD Garden
95%
New York Rangers Madison Square Garden
82%
Calgary Flames Scotiabank Saddledome
81%
Anaheim Ducks Honda Center
79%
Dallas Stars American Airlines Center
76%
Colorado Avalanche Ball Arena
74%
Chicago Blackhawks United Center
74%
Montreal Canadiens Bell Centre
69%
Toronto Maple Leafs Scotiabank Arena
66%
Los Angeles Kings Crypto.com Arena
65%
Edmonton Oilers Rogers Place
65%
Vegas Golden Knights T-Mobile Arena
61%
Nashville Predators Bridgestone Arena
60%
Vancouver Canucks Rogers Arena
60%
Philadelphia Flyers Wells Fargo Arena
60%
Tampa Bay Lightning Amalie Arena
58%
Washington Capitals Capital One Arena
58%
Buffalo Sabres Keybank Center
58%
New York Islanders UBS Arena
56%
Seattle Kraken Climate Pledge Arena
55%
New Jersey Devils Prudential Center
55%
Minnesota Wild Xcel Energy Center
55%
Utah Hockey Club Delta Center
50%
Columbus Blue Jackets Nationwide Arena
50%
San Jose Sharks SAP Center
48%
Pittsburgh Penguins PPG Paints Arena
45%
St. Louis Blues Enterprise Center
44%
Ottawa Senators Canadien Tire Centre
40%
Winnipeg Jets Canada Life Centre
32%
Detroit Red Wings Little Ceasars Arena
31%
Florida Panthers Amerant Arena
26%
Carolina Hurricanes Lenovo Center
21%
No matching quizzes found
Score Distribution
Percent of People with Each Score
Percentile by Number Answered
Your Score History
You have not taken this quiz